| 000 | 00712nam a2200253 a 4500 | ||
|---|---|---|---|
| 001 | 41124 | ||
| 003 | BD-RjUL | ||
| 005 | 20211209053331.0 | ||
| 008 | 160516s2006 ii ||||| b||| 00| 0 eng d | ||
| 020 | _a8181160215 | ||
| 035 | _a(BD-RjUL) 41240 | ||
| 040 |
_aBD-RjUL _beng _cBD-RjUL |
||
| 041 | _aeng | ||
| 082 |
_223 _a297.272 _bSIG 2006 |
||
| 100 | 1 |
_aSiddiqi, M _9126509 |
|
| 245 | 1 | 0 |
_aGovernance in Islam / _cM Siddiqi |
| 260 |
_aNew Delhi : _bMaxford Books, _c2006 |
||
| 300 |
_avi, 285 p. ; _c21 cm. |
||
| 504 | _aIncludes bibliography | ||
| 650 |
_aIslam and state _9126501 |
||
| 650 |
_aIslamic countries _xPolitics and government _9126510 |
||
| 650 |
_aIslamic law _9126511 |
||
| 942 |
_2ddc _cBK |
||
| 999 |
_c41124 _d41124 |
||